Mould lawsuits have industry feeling vulnerable as larger projects are eyed (Record no. 72590)
[ view plain ]
| 000 -LEADER | |
|---|---|
| fixed length control field | 01429cam a2200277 4500 |
| 001 - CONTROL NUMBER | |
| control field | ABS66610 |
| 008 - FIXED-LENGTH DATA ELEMENTS--GENERAL INFORMATION | |
| fixed length control field | 030430n2003 000 0 eng u |
| 035 ## - SYSTEM CONTROL NUMBER | |
| System control number | (Sirsi) u122147 |
| 100 ## - MAIN ENTRY--PERSONAL NAME | |
| Personal name | Krizan, W. |
| 245 ## - TITLE STATEMENT | |
| Title | Mould lawsuits have industry feeling vulnerable as larger projects are eyed |
| 260 ## - PUBLICATION, DISTRIBUTION, ETC. | |
| Date of publication, distribution, etc. | 2003 |
| 490 ## - SERIES STATEMENT | |
| Series statement | Engineering News Record |
| Volume/sequential designation | 250(12) 31 March 2003, 24-26(3) |
| 520 ## - SUMMARY, ETC. | |
| Summary, etc. | Looks at the problem of the increasing number of law suits in the US concerning "Stachybotrys" mould. Examines "Ballard v Fire Insurance Exchange" (345th District Court Travis County, Texas June 2001) where a water leak in a house left untreated led to a mould infestation, leaving the house uninhabitable. Ballard was awarded several million dollars, which highlighted the upcoming issues for insurers. Recommends contractors keep better documentation and management to forestall future legislative problems. The Texas Third District (Austin) Court of Appeals 19 December 2002 reduced the level of damages awarded. For further information see www.courts.net/tx/index.html. |
| 590 ## - LOCAL NOTE (RLIN) | |
| Local note | ABS |
| 650 ## - SUBJECT ADDED ENTRY--TOPICAL TERM | |
| Topical term or geographic name entry element | MOULD |
| 650 ## - SUBJECT ADDED ENTRY--TOPICAL TERM | |
| Topical term or geographic name entry element | STACHYBOTRYS CHARTARUM |
| 650 ## - SUBJECT ADDED ENTRY--TOPICAL TERM | |
| Topical term or geographic name entry element | COMPENSATION |
| 650 ## - SUBJECT ADDED ENTRY--TOPICAL TERM | |
| Topical term or geographic name entry element | BALLARD V FIRE INSURANCE EXCHANGE |
| 650 ## - SUBJECT ADDED ENTRY--TOPICAL TERM | |
| Topical term or geographic name entry element | TOXIC MOULD |
| 650 ## - SUBJECT ADDED ENTRY--TOPICAL TERM | |
| Topical term or geographic name entry element | INSURANCE CLAIMS |
| 650 ## - SUBJECT ADDED ENTRY--TOPICAL TERM | |
| Topical term or geographic name entry element | UNITED STATES |
| 690 ## - LOCAL SUBJECT ADDED ENTRY--TOPICAL TERM (OCLC, RLIN) | |
| Topical term or geographic name as entry element | Health and safety |
| 9 (RLIN) | 6244 |
| 700 ## - ADDED ENTRY--PERSONAL NAME | |
| Personal name | Angelo, W. |
| 700 ## - ADDED ENTRY--PERSONAL NAME | |
| Personal name | Tuchman, J. |
| 942 ## - ADDED ENTRY ELEMENTS (KOHA) | |
| Suppress in OPAC | 0 |
| Withdrawn status | Lost status | Source of classification or shelving scheme | Damaged status | Not for loan | Home library | Current library | Shelving location | Date acquired | Total Checkouts | Full call number | Barcode | Date last seen | Copy number | Price effective from | Koha item type |
|---|---|---|---|---|---|---|---|---|---|---|---|---|---|---|---|
| Dewey Decimal Classification | London | London | Journal article | 30/04/2003 | ABS66610 | 122147-1001 | 06/08/2019 | 1 | 06/08/2019 | Journal article |